00600nam a2200193Ia 4500003000400000005001700004008004100021020001800062040001800080041000800098082001900106245012900125250001200254260005000266300002800316650001900344650002100363650002200384OSt20230714095129.0210716s2012 xx 000 0 und d a9780198085386 cAIMIT LIBRARY aeng a338.921bBRIC aBrics report : bstudy of Brazil Russia India China and South Africa with special focus on synergies and complementarities / a1st ed. aNew Delhi :bOxford University Press ,c2012. axxi,180p. ;bHBc22 cm. aBest practices aMajor challenges aBRICS cooperation